林家鋪子 (Record no. 70039)

000 -LEADER
fixed length control field 00388nam a22001457a 4500
008 - FIXED-LENGTH DATA ELEMENTS--GENERAL INFORMATION
fixed length control field 260106b |||||||| |||| 00| 0 eng d
020 ## - INTERNATIONAL STANDARD BOOK NUMBER
International Standard Book Number 9787020029662
082 ## - DEWEY DECIMAL CLASSIFICATION NUMBER
Call number 857.63 MDZ
Item number 1
245 ## - TITLE STATEMENT
Title 林家鋪子
Statement of responsibility, etc. 茅盾 著
260 ## - PUBLICATION, DISTRIBUTION, ETC.
Place of publication, distribution, etc. 北京市 : 人民文學, 1958[民47]
Name of publisher, distributor, etc. 茅盾 著
Date of publication, distribution, etc. 1958
300 ## - PHYSICAL DESCRIPION
Extent 128面
Dimensions 19公分
365 ## - TRADE PRICE
Price gift
600 ## - SUBJECT ADDED ENTRY--PERSONAL NAME
Personal name 茅盾 著
942 ## - ADDED ENTRY ELEMENTS (KOHA)
Source of classification or shelving scheme
Koha item type Book
Holdings
Withdrawn status Lost status Source of classification or shelving scheme Damaged status Not for loan Home library Current library Date acquired Total Checkouts Full call number Barcode Date last seen Price effective from Koha item type
          Malaysian Public Library, Research and Development Centre Malaysian Public Library, Research and Development Centre 06/01/2026   857.63 MDZ E0005186 06/01/2026 06/01/2026 Book

© 2022. Malaysian Public Library, Research and Development Centre. All Right ReservedE-mailmplrdc@help.edu.my 

Powered by Koha